Major Non-NATO U. S. Allies in 2045 (Fictional) - Statistics

General Stats
  • This quiz has been taken 42 times
  • The average score is 8 of 16
Answer Stats
Year Country % Correct
1987 Japan
91%
1987 South Korea
91%
1987 Australia
79%
1987 Israel
73%
2004-2027; 2036- Pakistan
67%
2036 Saudi Arabia
64%
2003 Thailand
61%
2002 Bahrain
52%
2022-2027; 2035- Qatar
52%
2015 Tunisia
52%
2004 Kuwait
45%
2037 Malaysia
39%
2025 Kenya
36%
2036 Bangladesh
12%
2032 Rwanda
9%
2034 Guyana
6%
No matching quizzes found
Score Distribution
Percent of People with Each Score
Percentile by Number Answered
Your Score History
You have not taken this quiz